00489nam a2200169Ia 4500003000900000008004100009040001600050080001400066100001600080245009800096260004600194300000900240650001100249650002200260650001800282650001900300IN-BaIIA211028s9999 xx 000 0 eng d cIIA Library a58bROX-5 aRoxburgh, W 0aDrawings of Indian plants,FASC-5cW. Roxburgh  aCalcuttabBotanical Survey of Indiac1971 a52p. aBotany aDrawings - plants aIndian plants aNASA thesaurus